Días de terror / (Registro nro. 33370)
[ vista simple ]
| 000 -CABECERA | |
|---|---|
| Longitud fija campo de control | 00860nam a2200277 a 4500 |
| 003 - • IDENTIFICADOR DELl NÚMERO DE CONTROL | |
| Identificador del número de control | CO-ViMGA |
| 005 - • FECHA Y HORA DE LA ÚLTIMA TRANSACCIÓN | |
| Fecha y hora de la última transacción | 20260224161240.0 |
| 008 - • CÓDIGOS DE INFORMACIÓN DE LONGITUD FIJA | |
| Códigos de información de longitud fija | 141112s2004 ck r 000 u spa d |
| 020 ## - • NÚMERO INTERNACIONAL NORMALIZADO PARA LIBROS | |
| Número Internacional Normalizado para Libros (ISBN) | 9580415048 |
| 020 ## - • NÚMERO INTERNACIONAL NORMALIZADO PARA LIBROS | |
| Número Internacional Normalizado para Libros (ISBN) | 9789580415046 |
| 040 ## - FUENTE DE LA CATALOGACIÓN | |
| Centro catalogador de origen | CO-ViMGA |
| Lengua de catalogación | spa |
| Centro transcriptor | CO-ViMGA |
| 082 04 - • NÚMERO DE LA CLASIFICACIÓN DECIMAL DEWEY | |
| Número de clasificación (R) | U813.54 S31d |
| 084 ## - • Clasificación Local Alfanúmerica PNLB | |
| Número de clasificación | N SHA |
| 100 1# - • PUNTO DE ACCESO PRINCIPAL-NOMBRE DE PERSONA | |
| Nombre de persona | Shaw, Diana |
| 245 10 - • TITULO PROPIAMENTE DICHO | |
| Título | Días de terror / |
| Mención de responsabilidad, etc. | Diana Shaw ; tr. de Magdalena Holguín ; il. de Juan Carlos Nicholls |
| 300 ## - • DESCRIPCIÓN FÍSICA | |
| Extensión | 247 p. : il. ; 19 cm. |
| 490 ## - • MENCIÓN DE SERIE | |
| Mención de serie | Torre de papel. Torre amarilla |
| 521 ## - • NOTA DE PÚBLICO DESTINATARIO | |
| Nota público destinatario (R ) | A partir de 11 años |
| 650 14 - • PUNTO DE ACCESO ADICIONAL DE MATERIA - TÉRMINO DE MATERIA | |
| Término de materia o nombre geográfico como elemento inicial | Novela juvenil estadounidense - Siglo XX |
| 700 1# - • PUNTO DE ACCESO ADICIONAL - NOMBRE DE PERSONA | |
| Nombre de persona | Holguín, Magdalena, traductor tr. |
| 930 ## - EQUIVALENCIA O SECCIÓN-REFERENCIA-TÍTULO ENCABEZAMIENTO UNIFORME [LOCAL, CANADA] | |
| T&íacute;tulo uniforme | MM |
| 942 ## - ENTRADA DE ELEMENTOS AGREGADOS (KOHA) | |
| Fuente de clasificaión o esquema | Dewey Decimal Classification |
| Koha [por defecto] tipo de item | LIbro |
| 949 ## - TRATAMIENTO DE LA INFORMACIÓN LOCAL (OCLC) | |
| a | US823.54 S41d D.SAMPER LIBRO DEWEY DEWEY DEP/LEGAL GENERAL Y Y |
| 960 ## - LOCALIZACIÓN FÍSICA (RLIN) | |
| Localización f&íacute;sica, PLOC (RLIN) | US823.54 S41d |
| Perdido | Fuente de clasificación o esquema | Estado Físico | No para préstamo | Forma de adquisición | Localización permanente | Localización actual | Fecha adquisición | Serie de enumeración / cronolog&íacute;a | Préstamos totales | Signatura completa | Código de barras | Fecha última consulta | Fecha último préstamo | Número de copia | Fecha del precio de reemplazo | Tipo de item de Koha | Localización en estanterías |
|---|---|---|---|---|---|---|---|---|---|---|---|---|---|---|---|---|---|
| Dewey Decimal Classification | Colección General | Biblioteca Pública Puerto López - Jorge Eliecer Gaitán | Biblioteca Pública Puerto López - Jorge Eliecer Gaitán | 10/21/2025 | U813.54 S31d | PLZ03580 | 10/21/2025 | Ej.1 | 10/21/2025 | Libro Literatura | General | ||||||
| Dewey Decimal Classification | Sala General Segundo Piso | Biblioteca Pública Germán Arciniegas - Villavicencio | Biblioteca Pública Germán Arciniegas - Villavicencio | 12/04/2015 | 27/nov/2014 | 1 | U813.54 S31d | 27686 | 03/14/2025 | 03/14/2025 | Ej. 1 | 12/04/2015 | LIbro | ||||
| Dewey Decimal Classification | Infantil | Biblioteca Pública La Macarena | Biblioteca Pública La Macarena | 12/20/2024 | N S31d | LM001836 | 12/20/2024 | Ej.1 | 12/20/2024 | LIbro | Sala Infantil | ||||||
| Clasificación Local Facetada | Literatura General | Biblioteca Pública San Juanito - Ernesto Maria Peña Romero | Biblioteca Pública San Juanito - Ernesto Maria Peña Romero | 02/24/2026 | N SHA | SJU02775 | 02/24/2026 | Ej.1 | 02/24/2026 | Libro Literatura | Literatura |